Wirtschaftskarte der Herrschaft Drehnow Kreis Crossen a./O.

Titel: Wirtschaftskarte der Herrschaft Drehnow Kreis Crossen a./O. / Angefertigt auf Grund eigener Vermessung von dem Forstkandidaten Märker 1912. Berichtigt auf den Waldzustand v. 1. Oktober 1921 durch Meyer
Beteiligt:
Maßstab: 1:15 000
Veröffentlicht: [S.l.]œ, [ca. 1921]
Umfang: 1 Kt. : teilw. handkol. ; 40 x 64 cm
Format: Karte
Sprache: Deutsch
Kein Bild verfügbar
X
Lokale Klassifikation: 13 2 L 201 ; 13 13 B ; 13 8 K 51
alg: 10789149
001A    $03004:30-10-02 
001B    $01999:19-05-23 $t21:57:47.000 
001D    $03004:30-10-02 
001U    $0utf8 
001X    $00 
002@    $0Kau 
003@    $0107891492 
003O    $0615217110 $aOCoLC 
007A    $0107891492 $aHEB 
007T    $0Herdhh107891492 
010@    $ager 
011@    $a1921 $n[ca. 1921] 
013H    $0z 
021A    $aWirtschaftskarte der Herrschaft Drehnow Kreis Crossen a./O. $hAngefertigt auf Grund eigener Vermessung von dem Forstkandidaten Märker 1912. Berichtigt auf den Waldzustand v. 1. Oktober 1921 durch Meyer 
028C    $BBearb. $#Meyer $7 $8Meyer, ... [Tnd] $9136402194 
033A    $p{[S.l.] 
033C    $pBerlin $nGisevius 
034D    $a1 Kt. 
034I    $a40 x 64 cm 
034M    $ateilw. handkol. 
035E    $a1:15 000 
037H    $Aacx $dE 014 48 00 $eE 014 54 00 $fN 052 12 00 $gN 052 06 00 
045F    $a911.4315 $eDDC23BSB 
045F/01 $a911 
045F/03 $g4315 
045F/03 $g437 
045G    $a630.94315 $eDDC23BSB 
045G/01 $a630.9 
045G/03 $g4315 

lok: 10789149 24
101B    $013-09-05 $t12:45:27.000 
101C    $030-10-02 
145Z/01 $a13 2 L 201 
145Z/02 $a13 13 B 
145Z/03 $a13 8 K 51 
101U    $0utf8 

exp: 10789149 24 1 #EPN
201B/01 $020-08-18 $t11:02:55.000 
201C/01 $030-10-02 
201U/01 $0utf8 
203@/01 $017712461X 
208@/01 $a30-10-02 $br 
209A/01 $aK 13 VIII D 1 $dd $f050 $hK 13 8 D 1 $x00 
209C/01 $a1024 K 1965 $h65 1024 K 
247C/01 $8358050-7 Marburg, Bibliothek des Herder-Instituts Marburg $9102600961 

lok: 10789149 78

exp: 10789149 78 1 #EPN
201B/01 $019-04-17 $t19:05:31.000 
201U/01 $0utf8 
203@/01 $0793481902 
208@/01 $a12-11-16 $be 
209A/01 $a/ $f000 $x00 
237A/01 $aweiterführende Signatur(en): Herder-Institut: K 13 VIII D 1 
244Z/01 $2Trx $#Kesk- ja Ida- Euroopa kontseptsioonid $#Vidurio Europos koncepcijos $#East-Central Europe $#Keletközépeurópa-eszmék $#Europa Środkowo-Wschodnia koncepcje $#Európa stredovýchodná koncepcie $#Evropa střední, východní část koncepce $#Mitteleuropa $#Osteuropakonzeptionen $#Europa Środkowa koncepcje $#Stredná Európa koncepcie $#Střední Europa koncepce $8--Trx--Ostmitteleuropakonzeptionen $x01 $9391364286 
244Z/01 $2Trx $#Germania Slavica $#"Germania Slavica" $#Germania Slavica $#Germania Slavica $#Germania Slavica $#Germania Slavica $#Germania Slavica $8--Trx--Germania Slavica $x02 $9391371002 
245Z/01 $a04.08 $x01 
247C/01 $82080>Marburg/Lahn, Herder-Institut, Forschungsbibliothek, Bibliographieportal $9336309341
LEADER 00000cem a2200000 c 4500
001 107891492
003 DE-603
005 20230519215747.0
007 a|||||||
008 021030s1921 xx |||||| a || | ||ger c
034 0 |a a  |9 A:acx  |d E 014 48 00  |e E 014 54 00  |f N 052 12 00  |g N 052 06 00 
035 |a (DE-599)HEB107891492 
035 |a (OCoLC)615217110 
040 |a DE-603  |b ger  |c DE-603  |d DE-603 
041 |a ger 
082 0 4 |8 1\u  |a 911.4315  |q DE-101  |2 23/BSB 
083 0 |8 2\u  |a 630.94315  |q DE-101  |2 23/BSB 
085 |8 1\u  |b 911 
085 |8 1\u  |z 2  |s 4315 
085 |8 1\u  |z 2  |s 437 
085 |8 2\u  |b 630.9 
085 |8 2\u  |z 2  |s 4315 
245 0 0 |a Wirtschaftskarte der Herrschaft Drehnow Kreis Crossen a./O.  |c Angefertigt auf Grund eigener Vermessung von dem Forstkandidaten Märker 1912. Berichtigt auf den Waldzustand v. 1. Oktober 1921 durch Meyer 
255 |a 1:15 000 
264 1 |a [S.l.]œ  |c [ca. 1921] 
264 3 |a Berlin  |b Gisevius 
300 |a 1 Kt.  |b teilw. handkol.  |c 40 x 64 cm 
700 1 |a Meyer, ...  |e Bearb.  |4 edt  |0 (DE-603)136402194 
924 0 |9 Mb 50  |a (DE-603)17712461X  |b DE-Mb50  |c HES  |d d  |g K 13 VIII D 1 
924 0 |9 2080  |a (DE-603)793481902  |b DE-2080  |c HES  |d d  |g /